| 000 | 00767nam a22002297a 4500 | ||
|---|---|---|---|
| 005 | 20240530110914.0 | ||
| 008 | 220221s ua c g b 000 0 ara d | ||
| 017 | _bمصر. دار الكتب | ||
| 020 | _a978988452109 | ||
| 040 |
_aEG-CaGPL _cEG-CaGPL |
||
| 082 | 0 | 4 |
_221 _a418 / _bع د |
| 110 | 0 | _aدار الكتاب المصرى | |
| 245 | 1 | 0 |
_aعلم نفسك العربية / _cدار الكتاب المصرى |
| 260 |
_aالقاهرة : _bدار الكتاب المصرى، _cد.ت |
||
| 260 |
_aبيروت : _bدار الكتاب اللبنانى ، _cد.ت |
||
| 300 | _c20 | ||
| 650 |
_aاللغة العربية _2qrmak |
||
| 650 |
_aتعليم _2qrmak |
||
| 651 | _2qrmak | ||
| 942 |
_2ddc _cBK |
||
| 999 |
_c66359 _d66359 |
||